00758nam a2200169Ia 4500999001700000082001900017245012400036260003400160300001500194504003200209650005400241650004700295700001900342942001200361952010700373952010800480 c16411d16411 aRR 068.54 LEA- 0aLearned societies and institutions in India: activities and publications including over 4,000 research oriented titiles aNew DelhibMetropolitanc1969 axvi, 459p. aIncludes indexes /Ref. book aLearned institutions and societies - Bibliography aLearned institutions and societies - India aMohinder Singh cBK2ddc 00104070aNASSDOCbNASSDOCd2004-06-08l0oRR 068.54 LEA-p7150r2019-04-18 00:00:00w2019-04-18yBK 00104070aNASSDOCbNASSDOCd2004-10-08l0oRR 068.54 LEA-p11930r2019-04-18 00:00:00w2019-04-18yBK